Statistiques concernant Villes d'Amérique du Sud - Carte Quiz

Cliquez ici pour prendre le quiz!

Statistiques générales

  • Ce quiz a été pris 206 fois
  • Le résultat moyen est 18 sur 32

Réponses sur la Carte

Les réponses sont colorées sur une échelle allant du rouge au vert en fonction du pourcentage des utilisateurs qui les ont devinées à leur premier essai. Vous pouvez retrouver ces pourcentages ci-dessous.
 

Statistiques - réponses

Réponse% Correct
Buenos Aires
84%
Brasilia
82%
Montevideo
79%
Lima
75%
Santiago
75%
Asuncion
74%
La Paz
74%
Ushuaia
73%
Cayenne
71%
Rio de Janeiro
71%
Quito
71%
Bogota
67%
Caracas
67%
Georgetown
66%
Cuzco
60%
Sao Paulo
60%
Manaus
53%
Paramaribo
52%
Cordoba
45%
Cali
44%
Medellin
44%
Carthagène
43%
Belém
41%
Porto Alegre
41%
Guayaquil
40%
Recife
40%
Maracaibo
37%
Santa Cruz
35%
Fortaleza
33%
Antofagasta
26%
Salvador
24%
Concepcion
23%

Distribution des résultats

Percentile par nombre de réponses

% des personnes avec chaque résultat

Votre développement - résultats

Vous n’avez pas pris ce quiz